000 01117nam a2200313 i 4500
003 DO-SdBNP
005 20260120073951.0
007 ta
008 250604b2024 dr ||||| |||| 00| 0 spa d
020 _a9789945649178
040 _aDO-SdBNP
_bspa
_cBNPHU
_erda
041 _aspa
082 4 _a248.4
_bD352
_222
100 1 _aDelgado Ciprian, Luz María
_d1986-
_eautor
_4aut.
_987706
245 1 4 _aLos niveles del alma /
_cLuz María Delgado Ciprian
250 _aPrimera edición
264 _aSanto Domingo :
_bPrintbarato,
_c2024.
300 _a93 páginas ;
_c21 cm.
336 _atexto
_btxt
_2rdacontent
337 _asin mediación
_bn
_2rdamedia
338 _avolumen
_bnc
_2rdacarrier
500 _aIncluye datos biográficos de la autora en la contracubierta
520 _aEl Alma es donde se aciertan las emociones del hombre. En la Biblia la palabra Alma es lo mismo, traduce el término hebreo NEFESH este término significa criatura que respira.
590 _aInventariado, 2025/ YL
650 0 _aVida espiritual
_9268
650 7 _aVida cristiana
_9668
910 _aYLockward
942 _2ddc
_cLBS1
999 _c58969
_d58969